| 000 | 00525nam a2200193Ia 4500 | ||
|---|---|---|---|
| 008 | 180207s9999 xx 000 0 und d | ||
| 020 | _a9780590688383 | ||
| 050 | _bB565 2000 | ||
| 100 | _aBetz, Adrienne | ||
| 245 | 4 | _aThe king and the gardener / | |
| 245 | _cby Adrienne Betz ; illustrated by Christina Ong. | ||
| 260 | _aNew York : | ||
| 260 | _bScholastic, | ||
| 260 | _c2000 | ||
| 300 | _a24 pages : | ||
| 300 | _bchiefly colored ; | ||
| 300 | _c23cm. | ||
| 440 | _aScholastic at home phonics reading program. | ||
| 999 |
_c355644 _d355644 |
||